<?xml version="1.0" encoding="UTF-8"?>
<record
    xmlns:xsi="http://www.w3.org/2001/XMLSchema-instance"
    xsi:schemaLocation="http://www.loc.gov/MARC21/slim http://www.loc.gov/standards/marcxml/schema/MARC21slim.xsd"
    xmlns="http://www.loc.gov/MARC21/slim">

  <leader>02238nam a2200325 a 4500</leader>
  <controlfield tag="005">20180803165337.0</controlfield>
  <controlfield tag="008">140127b2006    ck ||||| |||| 00| 0 spa d</controlfield>
  <datafield tag="040" ind1=" " ind2=" ">
    <subfield code="c">CO-BoIH</subfield>
  </datafield>
  <datafield tag="041" ind1=" " ind2=" ">
    <subfield code="a">spa</subfield>
  </datafield>
  <datafield tag="044" ind1=" " ind2=" ">
    <subfield code="a">ck</subfield>
  </datafield>
  <datafield tag="090" ind1=" " ind2=" ">
    <subfield code="a">IAVH</subfield>
    <subfield code="b">00602</subfield>
  </datafield>
  <datafield tag="100" ind1=" " ind2=" ">
    <subfield code="a">C&#xE1;rdenas Torres, Gina Yormary</subfield>
    <subfield code="9">592</subfield>
  </datafield>
  <datafield tag="245" ind1=" " ind2=" ">
    <subfield code="a">Talleres de capacitaci&#xF3;n y fortalecimiento de las Juntas Administradoras de Agua (JAA) - Juntas de Acci&#xF3;n Comunal (JAC) y acueductos comuntarios cuenca Cane Iguaque (Boyac&#xE1;)</subfield>
  </datafield>
  <datafield tag="260" ind1=" " ind2=" ">
    <subfield code="a">Bogot&#xE1;</subfield>
    <subfield code="b">Instituto Alexander von Humboldt</subfield>
    <subfield code="c">2006</subfield>
  </datafield>
  <datafield tag="300" ind1=" " ind2=" ">
    <subfield code="a">10 p.</subfield>
  </datafield>
  <datafield tag="520" ind1=" " ind2=" ">
    <subfield code="a">Se plantean las herramientas utilizadas en la capacitaci&#xF3;n y fortalecimiento de las organizaciones encargadas del manejo y administraci&#xF3;n del suministro de agua en los municipios de la cuenca Cane-Iguane (Juntas Administradoras de Agua, acueductos comunitarios y Juntas de Acci&#xF3;n Comunal) con el fin de lograr una eficiente administraci&#xF3;n y uso racional del recurso h&#xED;drico, encaminado a la protecci&#xF3;n y conservaci&#xF3;nde los ecosistemas estrat&#xE9;gico en los municipios de Villa de Leyva, Ch&#xED;quiza, Arcabuco, Gachantiv&#xE1; y Sutamerchan.Se abordaron los siguientes temas: Legislaci&#xF3;n y reglamentaci&#xF3;n para la administraci&#xF3;n y uso del agua, mecanismos de organizaci&#xF3;n y de derechos ciudadanos, composici&#xF3;n y funciones de las organizaciones comunitarias comunitarias en torno al manejo del agua, funciones y responsabilidades municipales frente a la comunidad con respecto a lo h&#xED;drico, administraci&#xF3;n y uso de los recursos financieros, monitoreo y mantenimiento de los sistemas de abastecimiento, y manejo eficiente del agua y cuidado de los ecosistemas de los cuales depende el recurso.</subfield>
  </datafield>
  <datafield tag="650" ind1=" " ind2=" ">
    <subfield code="a">Cuencas hidrogr&#xE1;ficas</subfield>
    <subfield code="9">92255</subfield>
  </datafield>
  <datafield tag="650" ind1=" " ind2=" ">
    <subfield code="a">Manejo y conservaci&#xF3;n de Recursos H&#xED;dricos</subfield>
    <subfield code="9">593</subfield>
  </datafield>
  <datafield tag="650" ind1=" " ind2=" ">
    <subfield code="a">Capacitaci&#xF3;n</subfield>
    <subfield code="9">92246</subfield>
  </datafield>
  <datafield tag="650" ind1=" " ind2=" ">
    <subfield code="a">Legislaci&#xF3;n ambiental</subfield>
    <subfield code="9">92309</subfield>
  </datafield>
  <datafield tag="662" ind1=" " ind2=" ">
    <subfield code="a">Colombia</subfield>
    <subfield code="c">Andes</subfield>
  </datafield>
  <datafield tag="662" ind1=" " ind2=" ">
    <subfield code="a">Colombia</subfield>
    <subfield code="c">Cuenca Cane-Iguaque</subfield>
    <subfield code="b">Boyac&#xE1;</subfield>
  </datafield>
  <datafield tag="662" ind1=" " ind2=" ">
    <subfield code="a">Colombia</subfield>
    <subfield code="d">Villa de Leyva</subfield>
    <subfield code="b">Boyac&#xE1;</subfield>
  </datafield>
  <datafield tag="662" ind1=" " ind2=" ">
    <subfield code="a">Colombia</subfield>
    <subfield code="d">Ch&#xED;quiza</subfield>
    <subfield code="b">Boyac&#xE1;</subfield>
  </datafield>
  <datafield tag="662" ind1=" " ind2=" ">
    <subfield code="a">Colombia</subfield>
    <subfield code="d">Arcabuco</subfield>
    <subfield code="b">Boyac&#xE1;</subfield>
  </datafield>
  <datafield tag="662" ind1=" " ind2=" ">
    <subfield code="a">Colombia</subfield>
    <subfield code="d">Gachantiv&#xE1;</subfield>
    <subfield code="b">Boyac&#xE1;</subfield>
  </datafield>
  <datafield tag="662" ind1=" " ind2=" ">
    <subfield code="a">Colombia</subfield>
    <subfield code="d">Sutamerchan</subfield>
    <subfield code="b">Boyac&#xE1;</subfield>
  </datafield>
  <datafield tag="942" ind1=" " ind2=" ">
    <subfield code="2">z</subfield>
    <subfield code="c">INFORME</subfield>
  </datafield>
  <datafield tag="945" ind1=" " ind2=" ">
    <subfield code="d">2007-07-31</subfield>
  </datafield>
  <datafield tag="999" ind1=" " ind2=" ">
    <subfield code="c">6109</subfield>
    <subfield code="d">6109</subfield>
  </datafield>
  <datafield tag="952" ind1=" " ind2=" ">
    <subfield code="0">0</subfield>
    <subfield code="1">0</subfield>
    <subfield code="2">z</subfield>
    <subfield code="4">0</subfield>
    <subfield code="7">0</subfield>
    <subfield code="8">HUMBOLDT</subfield>
    <subfield code="a">Bogota</subfield>
    <subfield code="b">Bogota</subfield>
    <subfield code="d">2013-12-06</subfield>
    <subfield code="l">0</subfield>
    <subfield code="o">IAVH-00602</subfield>
    <subfield code="p">059623</subfield>
    <subfield code="r">2024-08-09 00:00:00</subfield>
    <subfield code="t">Ej. 1</subfield>
    <subfield code="w">2013-12-06</subfield>
    <subfield code="x">Dep&#xF3;sito Institucional</subfield>
    <subfield code="y">INFORME</subfield>
  </datafield>
</record>
